Salta al contenuto

Байкальский медицинский журнал, 2024, том 3, № 2 научный журнал

Salvato in:
Dettagli Bibliografici
Natura: Журнал
Edizione:1
Accesso online:https://znanium.ru/catalog/document?id=451798
https://znanium.ru/cover/2169/2169825.jpg
Tags: Aggiungi Tag
Nessun Tag, puoi essere il primo ad aggiungerne! !
LEADER 01337nam0a2200301 i 4500
001 RU\infra-m\znanium\bibl\2169825
003 https://znanium.ru/catalog/document?id=451798
005 20250808000000.0
100 |a 20250808d2024 m y0rusy0150 ca 
101 0 |a rus 
102 |a RU 
200 1 |a Байкальский медицинский журнал, 2024, том 3, № 2  |e научный журнал  |e Журнал 
205 |a 1 
210 1 |a Иркутск  |c Иркутский государственный медицинский университет  |d 2024 
215 |a 89 с. 
333 |a ВО - Специалитет 
606 |a Медицина. Фармакология  |x Клиническая медицина в целом  |2 local 
608 |a Журнал  |2 local 
675 |a 61  |z rus 
686 |a 53  |2 rubbk 
686 |a 30.00.00  |2 okso 
686 |a 31.00.00  |2 okso 
686 |a 32.00.00  |2 okso 
686 |a 33.00.00  |2 okso 
686 |a 34.00.00  |2 okso 
801 0 |a RU  |b Общество с ограниченной ответственностью «ЗНАНИУМ»  |c 20240812  |2 rusmarc 
856 4 |a znanium.ru  |m ebs_support@infra-m.ru  |n НИЦ ИНФРА-М  |u https://znanium.ru/catalog/document?id=451798 
856 4 1 |a znanium.ru  |d /cover/2169  |f 2169825.jpg  |q image/jpeg  |u https://znanium.ru/cover/2169/2169825.jpg